Performance and perspectives of the Philippine economy

Kaydedildi:
Detaylı Bibliyografya
Materyal Türü: Kitap
Dil:Undetermined
Baskı/Yayın Bilgisi: Tokyo Institute Of Developing Ecomomies 1976
Etiketler: Etiketle
Etiket eklenmemiş, İlk siz ekleyin!
Thư viện lưu trữ: Trung tâm Học liệu Trường Đại học Cần Thơ
LEADER 00417nam a2200145Ia 4500
001 CTU_92876
008 210402s9999 xx 000 0 und d
082 |a 330.9 
082 |b P438 
245 0 |a Performance and perspectives of the Philippine economy 
260 |a Tokyo 
260 |b Institute Of Developing Ecomomies 
260 |c 1976 
904 |i Tuyến 
980 |a Trung tâm Học liệu Trường Đại học Cần Thơ